| 000 | 00497nam a22001817a 4500 | ||
|---|---|---|---|
| 003 | CEME | ||
| 005 | 20210628205559.0 | ||
| 008 | 210308b xxu||||| |||| 00| 0 eng d | ||
| 020 | _a0-12-374696-5 | ||
| 040 | _c. | ||
| 082 | _a621.3813 HAN'I | ||
| 100 |
_aIshii, T. Koryu _976106 |
||
| 245 | _aHandbook of microwave technology applications | ||
| 260 |
_aSAN DIAEGO _bACADEMIC PRESS _c1995 |
||
| 300 | _a679P, VOL-2 | ||
| 650 |
_aMICROWAVE DEVICES - HANDBOOK MANUALS _976107 |
||
| 942 |
_cBK _2ddc |
||
| 999 |
_c581531 _d581531 |
||